|
|
|
|
| LEADER |
00000cam a2200000 7i4500 |
| 001 |
0000002910 |
| 005 |
20220105103939.0 |
| 008 |
070717 |
| 020 |
|
|
|a 9830221911
|
| 090 |
0 |
0 |
|a JP
|b ENG (3656)
|
| 100 |
0 |
|
|a Chuah, Hock Seng
|
| 245 |
1 |
2 |
|a A brother's keeper
|c Chuah Hock Seng
|
| 260 |
|
|
|a Selangor :
|b Pustaka Pepada Jaya ,
|c 2001
|
| 440 |
|
|
|a Junior novella series
|
| 500 |
|
|
|a Children age 4-6 years old (yellow)
|
| 650 |
|
0 |
|a Junior preschool
|x English
|x Languages
|
| 710 |
0 |
|
|a Title
|
| 999 |
|
|
|a 0000964740
|b Book
|c Children Collection
|e Perbadanan Perpustakaan Awam Johor
|
| 999 |
|
|
|a 0000964741
|b Book
|c Children Collection
|e Perbadanan Perpustakaan Awam Johor
|
| 999 |
|
|
|a 0000964742
|b Book
|c Children Collection
|e Perbadanan Perpustakaan Awam Johor
|
| 999 |
|
|
|a 0000964744
|b Book
|c Children Collection
|e Perbadanan Perpustakaan Awam Johor
|